|
|
|
|
| LEADER |
00000cam a2200000 a 4500 |
| 001 |
vtls001453053 |
| 003 |
SK-MaSNL |
| 005 |
20260301203156.0 |
| 008 |
240226s2003 xo l frnp 000 0 slo |
| 015 |
|
|
|a SNBA2003/05-01430
|
| 020 |
|
|
|a 8070999756
|q (brožované)
|
| 035 |
|
|
|a SNK000408360
|
| 035 |
|
|
|a urn:nbn:sk:snk-am3j0vy
|
| 035 |
|
|
|a 9F60D9A3-E2A3-4D24-A8B3-1D9973F6F27D
|
| 035 |
|
|
|a urn:nbn:sk:snk-am00gf8b
|
| 040 |
|
|
|a SNK
|b slo
|c SNK
|e AACR2
|
| 041 |
0 |
|
|a slo
|
| 044 |
|
|
|a xo
|c SK
|
| 072 |
|
7 |
|a 658
|x Riadenie a správa podniku
|2 konspekt
|
| 072 |
|
7 |
|a 37.016
|x Učebné osnovy. Vyučovacie predmety. Učebnice
|2 konspekt
|
| 080 |
|
|
|a 658.14/.17
|2 2011
|
| 080 |
|
|
|a (076.5)
|2 2011
|
| 080 |
|
|
|a (075.8)
|2 2011
|
| 100 |
1 |
|
|a Bajus, Radoslav,
|d 1974-
|4 aut
|9 249229
|
| 245 |
1 |
0 |
|a Podnikové financie
|b praktikum
|c Radoslav Bajus, Ján Vravec
|
| 250 |
|
|
|a 1. vyd.
|
| 260 |
|
|
|a V Košiciach
|b Technická univerzita
|c 2003
|
| 300 |
|
|
|a 191 strán, [9] strán obrazových príloh
|b schémy, tabuľky
|c 24 cm
|
| 366 |
|
|
|e 300 kusov
|
| 504 |
|
|
|a Bibliografia na strane 190-191
|
| 650 |
0 |
7 |
|a podnikové financie
|2 SNKPH
|9 4308
|
| 655 |
|
7 |
|a učebnice vysokých škôl
|2 SNKPH
|9 70191
|
| 655 |
|
7 |
|a praktické cvičenia
|2 SNKPH
|9 70517
|
| 700 |
1 |
|
|a Vravec, Ján,
|d 1975-
|4 aut
|9 214222
|
| 752 |
|
|
|a Slovensko
|d Košice
|
| 919 |
|
|
|a 80-7099-975-6
|
| 958 |
|
|
|a TL
|
| 958 |
|
|
|a NB
|
| 958 |
|
|
|a UV
|
| 958 |
|
|
|a OND
|
| 999 |
|
|
|c 901638
|d 903568
|
| 952 |
|
|
|t P60, <03>, [BOOK], {603}
|a SNK
|b SNK
|y PREZ
|7 0
|p 17A0378797
|o snkSC 111539
|i snkKSP 5659/2003
|0 0
|1 0
|4 0
|d 2003-05-12
|f 1
|l 0
|r 2025-10-01 00:00:00
|w 2026-02-24
|
| 952 |
|
|
|t P60, <04>, [BOOK], {604}
|a SNK
|b SNK
|y VYP
|7 0
|p 17A0378798
|o snkSC 111539 D1
|i snkKSP 5660/2003
|0 0
|1 0
|4 0
|d 2003-05-12
|l 0
|r 2005-01-02 00:00:00
|w 2026-02-24
|